000 00559nam a2200181Ia 4500
008 090122s9999 xx 000 0 und d
082 _b12655
100 _aखांडेकर
_bराजीव
245 _aहार्ट टू हार्ट
260 _bनवचैतन्य
_c2008
300 _a180
501 _aललित वितरण
600 _aखांडेकर
630 _aहार्ट टू हार्ट
700 _aखांडेकर
730 _aहार्ट टू हार्ट
942 _cBOOK
999 _c36732
_d36732